书目信息 |
| 题名: |
数据库技术与应用
|
|
| 作者: | 贺利坚 编著 | |
| 分册: | ||
| 出版信息: | 北京 宇航出版社 2002.07 |
|
| 页数: | 291页 | |
| 开本: | 26cm | |
| 丛书名: | ||
| 单 册: | ||
| 中图分类: | TP311.13 | |
| 科图分类: | ||
| 主题词: | 软件 | |
| 电子资源: | ||
| ISBN: | 7-80144-436-1 | |
| 000 | 00557nam0 2200193 45 | |
| 001 | 0457385092 | |
| 005 | 2004091615562509 | |
| 010 | @a7-80144-436-1@d23.00CNY | |
| 100 | @a20040916d2002 km y0chiy0120 ea | |
| 101 | 0 | @achi |
| 102 | @aCN@b110000 | |
| 200 | 1 | @a数据库技术与应用@AShu Ju Ku Ji Shu Yu Ying Yong@f贺利坚等编著@FHe Li Jian Deng Bian Zhu |
| 210 | @a北京@c宇航出版社@d2002.07 | |
| 215 | @a291页@d26cm | |
| 606 | 0 | @a软件 |
| 690 | @aTP311.13@v3 | |
| 701 | 0 | @a贺利坚@AHe Li Jian@4编著 |
| 801 | 0 | @aCN@bPFT@c20040916 |
| 905 | @a安徽大学@dTP311.13@eH315 | |
| 数据库技术与应用/贺利坚等编著.-北京:宇航出版社,2002.07 |
| 291页;26cm |
| ISBN 7-80144-436-1:23.00CNY |
| ● |
| 相关链接 |
|
|
|
正题名:数据库技术与应用
索取号:TP311.13/H315
 
预约/预借
| 序号 | 登录号 | 条形码 | 馆藏地/架位号 | 状态 | 备注 |
| 1 | 394289 | 203942895 | 自科二线404/404自科库 11排4列2层/ [索取号:TP311.13/H315] | 在馆 | |
| 2 | 394290 | 203942902 | 期刊室512/301自科库 70排2列2层/ [索取号:TP311.13/H315] | 在馆 | |
| 3 | 394291 | 203942911 | 期刊室512/301自科库 70排2列2层/ [索取号:TP311.13/H315] | 在馆 |